000
00234nam a22001097a 4500
082
_b
MER
245
_a
Engineering Mechanics Dynamics Vol-2
250
_a
5th
260
_a
India
_b
Wiley
300
_a
P,;710
_c
25cm
942
_2
ddc
_c
BK
999
_c
593131
_d
593131